[Event "Королевский Гамбит. Южный Федеральный округ."]
[Date "2025-11-21"]
[Round "6.11"]
[Board "11"]
[White "Скрылев Кирилл"]
[WhiteElo "983"]
[Black "Чурбанов Максим"]
[BlackElo "1018"]
[WebSite "https://www.chessopen.ru"]
[GameId "289cfd32-02a9-4ea3-9fd3-74164f05c915"]
[Result "1-0"]

1. e4 { [%clk 0:09:59] } c6 { [%clk 0:09:57] } 2. Nf3 { [%clk 0:10:00] } d5 {
[%clk 0:09:58] } 3. d3 { [%clk 0:09:59] } dxe4 { [%clk 0:09:58] } 4. dxe4 {
[%clk 0:09:51] } Qxd1+ { [%clk 0:10:00] } 5. Kxd1 { [%clk 0:09:53] } f5 { [%clk
0:09:57] } 6. Nc3 { [%clk 0:09:42] } fxe4 { [%clk 0:09:51] } 7. Nxe4 { [%clk
0:09:42] } Nf6 { [%clk 0:09:43] } 8. Nxf6+ { [%clk 0:09:33] } gxf6 { [%clk
0:09:46] } 9. Be3 { [%clk 0:09:22] } e5 { [%clk 0:09:41] } 10. Ke1 { [%clk
0:09:03] } e4 { [%clk 0:09:38] } 11. Nd4 { [%clk 0:08:58] } c5 { [%clk 0:09:32]
} 12. Nb3 { [%clk 0:08:41] } c4 { [%clk 0:09:26] } 13. Bxc4 { [%clk 0:08:39] }
Nc6 { [%clk 0:09:03] } 14. h3 { [%clk 0:08:04] } Na5 { [%clk 0:08:50] } 15.
Nxa5 { [%clk 0:07:54] } b6 { [%clk 0:08:49] } 16. Nb3 { [%clk 0:07:51] } Bd7 {
[%clk 0:08:43] } 17. Rd1 { [%clk 0:07:47] } Rc8 { [%clk 0:08:29] } 18. Rd4 {
[%clk 0:07:14] } b5 { [%clk 0:08:13] } 19. Rxe4+ { [%clk 0:06:53] } Be7 { [%clk
0:07:57] } 20. Bd3 { [%clk 0:06:42] } Bf5 { [%clk 0:07:38] } 21. Bxb5+ { [%clk
0:06:20] } Kd8 { [%clk 0:07:20] } 22. Rd4+ { [%clk 0:06:03] } Kc7 { [%clk
0:07:04] } 23. Rd7+ { [%clk 0:05:50] } Kb8 { [%clk 0:06:54] } 24. Rxe7 { [%clk
0:05:48] } Rxc2 { [%clk 0:06:47] } 25. Bf4+ { [%clk 0:05:45] } Kc8 { [%clk
0:06:43] } 26. Re2 { [%clk 0:04:36] } Rd8 { [%clk 0:06:34] } 27. Ba6+ { [%clk
0:02:46] } Kd7 { [%clk 0:06:21] } 28. Rd2+ { [%clk 0:02:46] } Ke7 { [%clk
0:06:04] } 29. Rxc2 { [%clk 0:01:50] } Bxc2 { [%clk 0:05:58] } 30. Ke2 { [%clk
0:01:48] } Bd3+ { [%clk 0:05:39] } 31. Bxd3 { [%clk 0:01:47] } Rxd3 { [%clk
0:05:39] } 32. Kxd3 { [%clk 0:01:48] } 1-0

[Event "Королевский Гамбит. Южный Федеральный округ."]
[Date "2025-11-21"]
[Round "6.11"]
[Board "11"]
[White "Шубин Денис"]
[WhiteElo "972"]
[Black "Глебец Кристина"]
[BlackElo "980"]
[WebSite "https://www.chessopen.ru"]
[GameId "b7cfc0ae-cc54-4035-b199-351c1cb7c1f1"]
[Result "1-0"]

1. c4 { [%clk 0:10:00] } e6 { [%clk 0:09:59] } 2. Na3 { [%clk 0:10:00] } Bd6 {
[%clk 0:09:54] } 3. d4 { [%clk 0:09:49] } Nf6 { [%clk 0:09:53] } 4. b3 { [%clk
0:09:52] } O-O { [%clk 0:09:53] } 5. Nf3 { [%clk 0:09:41] } Bb4+ { [%clk
0:09:53] } 6. Bd2 { [%clk 0:09:33] } Bxa3 { [%clk 0:09:35] } 7. Rb1 { [%clk
0:09:25] } Ne4 { [%clk 0:09:33] } 8. Bg5 { [%clk 0:09:10] } f6 { [%clk 0:09:30]
} 9. Bh4 { [%clk 0:09:09] } b6 { [%clk 0:09:23] } 10. c5 { [%clk 0:08:41] }
bxc5 { [%clk 0:09:19] } 11. g4 { [%clk 0:08:25] } Nc3 { [%clk 0:09:18] } 12.
Qd3 { [%clk 0:08:10] } Nxb1 { [%clk 0:09:10] } 13. Qxb1 { [%clk 0:07:54] } Bb4+
{ [%clk 0:09:07] } 14. Kd1 { [%clk 0:07:46] } Ba6 { [%clk 0:08:58] } 15. Bh3 {
[%clk 0:07:02] } Qe8 { [%clk 0:08:40] } 16. g5 { [%clk 0:06:54] } fxg5 { [%clk
0:08:36] } 17. Nxg5 { [%clk 0:06:47] } Rxf2 { [%clk 0:08:23] } 18. Qxh7+ {
[%clk 0:06:40] } Kf8 { [%clk 0:08:15] } 19. Bxf2 { [%clk 0:06:15] } Qe7 { [%clk
0:07:33] } 20. Rg1 { [%clk 0:06:02] } Qe8 { [%clk 0:07:10] } 21. Nxe6+ { [%clk
0:05:47] } dxe6 { [%clk 0:07:00] } 22. Qxg7# { [%clk 0:05:45] } 1-0

[Event "Королевский Гамбит. Южный Федеральный округ."]
[Date "2025-11-21"]
[Round "6.12"]
[Board "12"]
[White "Гринь Мария"]
[WhiteElo "998"]
[Black "Моргунова Инна"]
[BlackElo "1009"]
[WebSite "https://www.chessopen.ru"]
[GameId "6803243e-0ecc-4226-914b-ef7f302a2851"]
[Result "1/2-1/2"]

1. d4 { [%clk 0:09:55] } d6 { [%clk 0:09:59] } 2. e3 { [%clk 0:09:53] } Nc6 {
[%clk 0:09:58] } 3. Bb5 { [%clk 0:09:47] } e6 { [%clk 0:09:50] } 4. Bxc6+ {
[%clk 0:09:48] } bxc6 { [%clk 0:09:51] } 5. Nf3 { [%clk 0:09:40] } Ba6 { [%clk
0:09:51] } 6. Nc3 { [%clk 0:09:22] } Nf6 { [%clk 0:09:48] } 7. b3 { [%clk
0:09:18] } d5 { [%clk 0:09:48] } 8. Ne5 { [%clk 0:08:39] } Rb8 { [%clk 0:09:46]
} 9. Nxc6 { [%clk 0:08:35] } Qc8 { [%clk 0:09:39] } 10. Nxb8 { [%clk 0:08:35] }
Qxb8 { [%clk 0:09:40] } 11. f3 { [%clk 0:08:01] } Bb4 { [%clk 0:09:38] } 12.
Bd2 { [%clk 0:07:52] } O-O { [%clk 0:09:36] } 13. e4 { [%clk 0:07:37] } dxe4 {
[%clk 0:09:27] } 14. fxe4 { [%clk 0:07:37] } Rd8 { [%clk 0:09:25] } 15. Ne2 {
[%clk 0:07:25] } Ba3 { [%clk 0:09:15] } 16. e5 { [%clk 0:06:35] } Ne4 { [%clk
0:09:13] } 17. Rb1 { [%clk 0:04:55] } Rxd4 { [%clk 0:09:11] } 18. Nxd4 { [%clk
0:04:33] } Bc5 { [%clk 0:08:40] } 19. Nc6 { [%clk 0:04:06] } Qb5 { [%clk
0:08:30] } 20. Qe2 { [%clk 0:03:17] } Qxc6 { [%clk 0:08:08] } 21. Qxe4 { [%clk
0:03:14] } Qxe4+ { [%clk 0:08:08] } 22. Kd1 { [%clk 0:03:03] } Qxg2 { [%clk
0:08:05] } 23. Re1 { [%clk 0:02:54] } Qxh2 { [%clk 0:07:51] } 24. b4 { [%clk
0:02:24] } Bd4 { [%clk 0:07:46] } 25. b5 { [%clk 0:02:13] } Bxb5 { [%clk
0:07:46] } 26. Rxb5 { [%clk 0:02:11] } Kf8 { [%clk 0:07:38] } 27. Rb8+ { [%clk
0:02:06] } Ke7 { [%clk 0:07:38] } 28. Re8+ { [%clk 0:02:00] } Kxe8 { [%clk
0:07:39] } 29. Re4 { [%clk 0:01:34] } Bf2 { [%clk 0:07:30] } 30. Re2 { [%clk
0:00:37] } Bg3 { [%clk 0:07:24] } 31. Rxh2 { [%clk 0:00:34] } Bxh2 { [%clk
0:07:26] } 32. a4 { [%clk 0:00:22] } h5 { [%clk 0:07:26] } 33. Bc3 { [%clk
0:00:19] } h4 { [%clk 0:07:26] } 34. Ke2 { [%clk 0:00:22] } h3 { [%clk 0:07:27]
} 35. Kf2 { [%clk 0:00:24] } g5 { [%clk 0:07:28] } 36. a5 { [%clk 0:00:23] } g4
{ [%clk 0:07:28] } 37. Bd4 { [%clk 0:00:25] } Bf4 { [%clk 0:07:27] } 38. Bxa7 {
[%clk 0:00:24] } h2 { [%clk 0:07:28] } 39. Kg2 { [%clk 0:00:24] } g3 { [%clk
0:07:28] } 40. Bd4 { [%clk 0:00:24] } c6 { [%clk 0:07:22] } 41. a6 { [%clk
0:00:27] } 1/2-1/2

[Event "Королевский Гамбит. Южный Федеральный округ."]
[Date "2025-11-21"]
[Round "6.12"]
[Board "12"]
[White "Королева Лидия"]
[WhiteElo "1018"]
[Black "Воронина Полина"]
[BlackElo "1011"]
[WebSite "https://www.chessopen.ru"]
[GameId "b90312aa-e6c5-4b45-a482-4dc1d32c1cf6"]
[Result "0-1"]

1. e4 { [%clk 0:09:59] } e5 { [%clk 0:09:59] } 2. d3 { [%clk 0:09:58] } d6 {
[%clk 0:09:58] } 3. d4 { [%clk 0:09:48] } g6 { [%clk 0:09:33] } 4. Bb5+ { [%clk
0:09:44] } Ke7 { [%clk 0:09:19] } 5. Qg4 { [%clk 0:09:36] } f6 { [%clk 0:09:08]
} 6. Qxg6 { [%clk 0:09:19] } exd4 { [%clk 0:09:07] } 7. Nf3 { [%clk 0:09:02] }
Bd7 { [%clk 0:09:02] } 8. Bxd7 { [%clk 0:08:53] } Qxd7 { [%clk 0:09:00] } 9.
Nxd4 { [%clk 0:08:53] } Kd8 { [%clk 0:08:51] } 10. Bd2 { [%clk 0:08:31] } Ne7 {
[%clk 0:08:49] } 11. Qg4 { [%clk 0:08:23] } Qxg4 { [%clk 0:08:43] } 12. Ne6+ {
[%clk 0:08:17] } Ke8 { [%clk 0:08:25] } 13. Nxc7+ { [%clk 0:08:14] } Kd7 {
[%clk 0:08:21] } 14. Nxa8 { [%clk 0:08:15] } Bh6 { [%clk 0:07:55] } 15. Bxh6 {
[%clk 0:08:13] } Rd8 { [%clk 0:07:48] } 16. Nb6+ { [%clk 0:08:10] } axb6 {
[%clk 0:07:49] } 17. g3 { [%clk 0:08:05] } Qxe4+ { [%clk 0:07:08] } 18. Kd1 {
[%clk 0:07:54] } Qxh1+ { [%clk 0:07:07] } 19. Kd2 { [%clk 0:07:50] } Qxh2 {
[%clk 0:07:06] } 20. Bf4 { [%clk 0:07:44] } Qxf2+ { [%clk 0:07:06] } 21. Kc3 {
[%clk 0:07:41] } Rc8+ { [%clk 0:07:06] } 22. Kd3 { [%clk 0:07:40] } Qc5 { [%clk
0:06:58] } 23. Be3 { [%clk 0:07:30] } Qxc2+ { [%clk 0:06:57] } 24. Kd4 { [%clk
0:07:25] } Nbc6# { [%clk 0:06:53] } 0-1

[Event "Королевский Гамбит. Южный Федеральный округ."]
[Date "2025-11-21"]
[Round "6.12"]
[Board "12"]
[White "Кукса Ирина"]
[WhiteElo "1048"]
[Black "Панова Виктория"]
[BlackElo "957"]
[WebSite "https://www.chessopen.ru"]
[GameId "cec2615e-1c74-4ddc-a8eb-f49fbfd99546"]
[Result "1-0"]

1. e4 { [%clk 0:09:51] } d6 { [%clk 0:09:59] } 2. d4 { [%clk 0:09:48] } Bg4 {
[%clk 0:09:57] } 3. Be2 { [%clk 0:09:46] } Qd7 { [%clk 0:09:56] } 4. Nc3 {
[%clk 0:09:43] } Qe6 { [%clk 0:09:56] } 5. h3 { [%clk 0:09:29] } Nf6 { [%clk
0:09:55] } 6. hxg4 { [%clk 0:09:24] } Nxg4 { [%clk 0:09:51] } 7. Bxg4 { [%clk
0:09:18] } Nd7 { [%clk 0:09:42] } 8. Bxe6 { [%clk 0:09:19] } fxe6 { [%clk
0:09:25] } 9. Bf4 { [%clk 0:09:17] } a5 { [%clk 0:09:17] } 10. e5 { [%clk
0:09:09] } dxe5 { [%clk 0:09:17] } 11. dxe5 { [%clk 0:08:53] } Nxe5 { [%clk
0:09:14] } 12. Bxe5 { [%clk 0:08:36] } g5 { [%clk 0:09:11] } 13. Bxh8 { [%clk
0:08:31] } Bh6 { [%clk 0:09:05] } 14. Qh5+ { [%clk 0:08:30] } Kd7 { [%clk
0:09:01] } 15. O-O-O+ { [%clk 0:08:31] } Kc6 { [%clk 0:08:13] } 16. Qf3+ {
[%clk 0:08:08] } Kb6 { [%clk 0:08:10] } 17. Bd4+ { [%clk 0:08:06] } Ka6 { [%clk
0:08:08] } 18. Qd3+ { [%clk 0:08:05] } b5 { [%clk 0:08:08] } 19. Qxb5# { [%clk
0:08:05] } 1-0

[Event "Королевский Гамбит. Южный Федеральный округ."]
[Date "2025-11-21"]
[Round "6.12"]
[Board "12"]
[White "Мещерина Екатерина"]
[WhiteElo "989"]
[Black "Коломейцева Евгения"]
[BlackElo "980"]
[WebSite "https://www.chessopen.ru"]
[GameId "0c3dd2df-f2c5-4713-8930-6e95c6915123"]
[Result "0-1"]

1. e4 { [%clk 0:09:53] } e5 { [%clk 0:10:00] } 2. Bc4 { [%clk 0:09:51] } Nf6 {
[%clk 0:09:40] } 3. Nf3 { [%clk 0:09:43] } Bc5 { [%clk 0:09:30] } 4. Nxe5 {
[%clk 0:09:43] } Nxe4 { [%clk 0:09:23] } 5. Qe2 { [%clk 0:09:40] } Bxf2+ {
[%clk 0:09:11] } 6. Qxf2 { [%clk 0:09:38] } Nxf2 { [%clk 0:09:11] } 7. Kxf2 {
[%clk 0:09:37] } Qh4+ { [%clk 0:09:03] } 8. Ke2 { [%clk 0:09:35] } Qxc4+ {
[%clk 0:09:01] } 9. Kd1 { [%clk 0:09:35] } Qe4 { [%clk 0:08:54] } 10. d3 {
[%clk 0:09:29] } Qxe5 { [%clk 0:08:53] } 11. Re1 { [%clk 0:09:22] } d6 { [%clk
0:08:31] } 12. Rxe5+ { [%clk 0:09:08] } dxe5 { [%clk 0:08:32] } 13. g4 { [%clk
0:09:08] } Bxg4+ { [%clk 0:08:32] } 14. Kd2 { [%clk 0:08:56] } f5 { [%clk
0:08:30] } 15. Nc3 { [%clk 0:08:38] } f4 { [%clk 0:08:28] } 16. b4 { [%clk
0:08:28] } f3 { [%clk 0:08:28] } 17. Rb1 { [%clk 0:08:21] } f2 { [%clk 0:08:29]
} 18. Bb2 { [%clk 0:08:21] } Rf8 { [%clk 0:08:23] } 19. Rf1 { [%clk 0:08:19] }
Nc6 { [%clk 0:08:12] } 20. Ke3 { [%clk 0:08:11] } Nxb4 { [%clk 0:08:08] } 21.
Rxf2 { [%clk 0:08:12] } Rxf2 { [%clk 0:07:53] } 22. Kxf2 { [%clk 0:08:12] } Kd7
{ [%clk 0:07:44] } 23. Ba3 { [%clk 0:08:09] } Nxc2 { [%clk 0:07:20] } 24. Nd5 {
[%clk 0:07:56] } Nxa3 { [%clk 0:07:20] } 25. Nf6+ { [%clk 0:07:38] } Kd6 {
[%clk 0:07:15] } 26. Nxg4 { [%clk 0:07:28] } Rf8+ { [%clk 0:07:15] } 27. Ke2 {
[%clk 0:07:23] } c5 { [%clk 0:07:08] } 28. Ne3 { [%clk 0:07:20] } b5 { [%clk
0:06:53] } 29. Nf5+ { [%clk 0:07:12] } Rxf5 { [%clk 0:06:50] } 30. Kd2 { [%clk
0:07:05] } Rf2+ { [%clk 0:06:51] } 31. Kc3 { [%clk 0:07:04] } b4+ { [%clk
0:06:49] } 32. Kb3 { [%clk 0:07:03] } Kd5 { [%clk 0:06:40] } 33. h4 { [%clk
0:07:04] } c4+ { [%clk 0:06:41] } 34. Kxb4 { [%clk 0:07:02] } c3 { [%clk
0:06:40] } 35. h5 { [%clk 0:07:02] } Nb1 { [%clk 0:06:34] } 36. a4 { [%clk
0:06:53] } c2 { [%clk 0:06:36] } 37. Kb5 { [%clk 0:06:49] } c1=Q { [%clk
0:06:36] } 38. a5 { [%clk 0:06:49] } Qb2+ { [%clk 0:06:36] } 39. Ka6 { [%clk
0:06:45] } Rf6+ { [%clk 0:06:37] } 40. Kxa7 { [%clk 0:06:46] } Qb5 { [%clk
0:06:30] } 41. Ka8 { [%clk 0:06:33] } Qd7 { [%clk 0:06:27] } 42. a6 { [%clk
0:06:25] } Rf8# { [%clk 0:06:29] } 0-1

[Event "Королевский Гамбит. Южный Федеральный округ."]
[Date "2025-11-21"]
[Round "6.12"]
[Board "12"]
[White "Тимошевская Анна"]
[WhiteElo "962"]
[Black "Брига Арина"]
[BlackElo "1010"]
[WebSite "https://www.chessopen.ru"]
[GameId "609c6c73-8090-4696-b71f-5b85001a2359"]
[Result "0-1"]

1. e4 { [%clk 0:09:59] } c5 { [%clk 0:09:56] } 2. d4 { [%clk 0:10:02] } e6 {
[%clk 0:09:57] } 3. Bg5 { [%clk 0:09:45] } Qxg5 { [%clk 0:09:51] } 4. Nf3 {
[%clk 0:09:40] } Qd8 { [%clk 0:09:42] } 5. Nc3 { [%clk 0:09:14] } d5 { [%clk
0:09:38] } 6. exd5 { [%clk 0:09:07] } exd5 { [%clk 0:09:38] } 7. Nxd5 { [%clk
0:09:08] } Qxd5 { [%clk 0:09:38] } 8. a4 { [%clk 0:08:38] } Nf6 { [%clk
0:09:35] } 9. Ra3 { [%clk 0:08:34] } g6 { [%clk 0:09:34] } 10. g3 { [%clk
0:08:31] } Bg7 { [%clk 0:09:30] } 11. Nh4 { [%clk 0:08:19] } Qe4+ { [%clk
0:09:25] } 12. Kd2 { [%clk 0:08:12] } Qxh1 { [%clk 0:09:23] } 13. Qe2+ { [%clk
0:08:02] } Be6 { [%clk 0:09:07] } 14. dxc5 { [%clk 0:07:57] } Ne4+ { [%clk
0:09:04] } 15. Kc1 { [%clk 0:07:49] } O-O { [%clk 0:08:55] } 16. b4 { [%clk
0:07:37] } Nc3 { [%clk 0:08:35] } 17. Qe1 { [%clk 0:07:15] } Na2+ { [%clk
0:08:29] } 18. Kd1 { [%clk 0:06:54] } Qd5+ { [%clk 0:08:25] } 19. Ke2 { [%clk
0:06:51] } Nxb4 { [%clk 0:08:17] } 20. c3 { [%clk 0:06:32] } Nc2 { [%clk
0:08:12] } 21. a5 { [%clk 0:06:28] } Nxe1 { [%clk 0:08:12] } 22. Kxe1 { [%clk
0:06:22] } Qxc5 { [%clk 0:08:11] } 23. f4 { [%clk 0:06:14] } Qxa3 { [%clk
0:08:08] } 24. c4 { [%clk 0:05:51] } Re8 { [%clk 0:07:58] } 25. g4 { [%clk
0:05:41] } Bxc4+ { [%clk 0:07:57] } 26. Be2 { [%clk 0:05:22] } Bxe2 { [%clk
0:07:52] } 27. Kf2 { [%clk 0:05:22] } Bxg4 { [%clk 0:07:52] } 28. Kg1 { [%clk
0:05:23] } Nc6 { [%clk 0:07:54] } 29. h3 { [%clk 0:05:21] } Rad8 { [%clk
0:07:53] } 30. hxg4 { [%clk 0:05:22] } Rd2 { [%clk 0:07:52] } 31. Kf1 { [%clk
0:05:18] } Qa1# { [%clk 0:07:52] } 0-1

[Event "Королевский Гамбит. Южный Федеральный округ."]
[Date "2025-11-21"]
[Round "7.1"]
[Board "1"]
[White "Асламазян Богдан"]
[WhiteElo "1007"]
[Black "Шалай Мирослав"]
[BlackElo "1027"]
[WebSite "https://www.chessopen.ru"]
[GameId "62f5633f-1c6d-478f-81d6-b7bd6741faac"]
[Result "1-0"]

1. e4 { [%clk 0:10:00] } e5 { [%clk 0:09:55] } 2. Nf3 { [%clk 0:10:00] } Nc6 {
[%clk 0:09:56] } 3. Bb5 { [%clk 0:10:00] } Nf6 { [%clk 0:09:51] } 4. Bxc6 {
[%clk 0:09:58] } dxc6 { [%clk 0:09:48] } 5. Nc3 { [%clk 0:09:58] } Bd6 { [%clk
0:09:35] } 6. d4 { [%clk 0:09:51] } exd4 { [%clk 0:09:16] } 7. Qxd4 { [%clk
0:09:50] } Qe7 { [%clk 0:09:10] } 8. e5 { [%clk 0:09:49] } Bc5 { [%clk 0:09:07]
} 9. Qd2 { [%clk 0:09:38] } Nd7 { [%clk 0:08:57] } 10. Qe2 { [%clk 0:09:27] }
Nb6 { [%clk 0:08:46] } 11. O-O { [%clk 0:09:17] } Bg4 { [%clk 0:08:43] } 12.
Bg5 { [%clk 0:09:14] } Qxg5 { [%clk 0:08:24] } 13. Qe4 { [%clk 0:09:01] } Bxf3
{ [%clk 0:08:16] } 14. Qxf3 { [%clk 0:09:01] } Qxe5 { [%clk 0:08:12] } 15. Rfe1
{ [%clk 0:08:53] } Qxe1+ { [%clk 0:07:56] } 16. Rxe1+ { [%clk 0:08:51] } Be7 {
[%clk 0:07:53] } 17. h3 { [%clk 0:08:45] } Nc4 { [%clk 0:07:43] } 18. Qe4 {
[%clk 0:08:39] } O-O { [%clk 0:06:07] } 19. Qxc4 { [%clk 0:08:33] } Rfe8 {
[%clk 0:06:02] } 20. Qg4 { [%clk 0:08:17] } Bd6 { [%clk 0:05:51] } 21. Re3 {
[%clk 0:08:00] } g6 { [%clk 0:05:30] } 22. Ne4 { [%clk 0:07:54] } Be5 { [%clk
0:05:25] } 23. Qg5 { [%clk 0:07:32] } Rad8 { [%clk 0:05:03] } 24. Kf1 { [%clk
0:07:19] } Rd1+ { [%clk 0:04:55] } 25. Re1 { [%clk 0:07:00] } Rd5 { [%clk
0:04:51] } 26. c4 { [%clk 0:06:44] } Ra5 { [%clk 0:04:46] } 27. a3 { [%clk
0:06:18] } Ra4 { [%clk 0:04:39] } 28. Nc5 { [%clk 0:05:55] } Rxc4 { [%clk
0:04:00] } 29. Rxe5 { [%clk 0:05:42] } Rxe5 { [%clk 0:03:58] } 30. Qxe5 { [%clk
0:05:40] } Kf8 { [%clk 0:03:53] } 31. Nxb7 { [%clk 0:05:31] } Rc1+ { [%clk
0:03:46] } 32. Ke2 { [%clk 0:05:28] } Rc2+ { [%clk 0:03:41] } 33. Kd3 { [%clk
0:05:17] } Rxf2 { [%clk 0:03:35] } 34. Nc5 { [%clk 0:05:01] } Rxg2 { [%clk
0:03:16] } 35. Qf6 { [%clk 0:04:49] } Rg3+ { [%clk 0:03:09] } 36. Kc2 { [%clk
0:04:44] } Rg2+ { [%clk 0:03:05] } 37. Kb1 { [%clk 0:04:43] } Rg1+ { [%clk
0:03:02] } 38. Ka2 { [%clk 0:04:43] } 1-0

[Event "Королевский Гамбит. Южный Федеральный округ."]
[Date "2025-11-21"]
[Round "7.1"]
[Board "1"]
[White "Дегтярюк Станислав"]
[WhiteElo "974"]
[Black "Балакин Данил"]
[BlackElo "944"]
[WebSite "https://www.chessopen.ru"]
[GameId "5a0a3b3a-0c43-4389-ae13-d9b404541882"]
[Result "1-0"]

1. d4 { [%clk 0:10:00] } d5 { [%clk 0:09:55] } 2. Nf3 { [%clk 0:09:59] } Nc6 {
[%clk 0:09:47] } 3. g3 { [%clk 0:10:00] } Nf6 { [%clk 0:09:40] } 4. Bg2 { [%clk
0:09:56] } e6 { [%clk 0:09:36] } 5. O-O { [%clk 0:09:55] } Bd6 { [%clk 0:09:34]
} 6. c3 { [%clk 0:09:53] } O-O { [%clk 0:09:29] } 7. Bg5 { [%clk 0:09:50] } h6
{ [%clk 0:09:21] } 8. Bxf6 { [%clk 0:09:51] } Qxf6 { [%clk 0:09:15] } 9. Nbd2 {
[%clk 0:09:51] } e5 { [%clk 0:09:14] } 10. dxe5 { [%clk 0:09:47] } Bxe5 { [%clk
0:09:14] } 11. Nxe5 { [%clk 0:09:39] } Qxe5 { [%clk 0:09:11] } 12. Nf3 { [%clk
0:09:40] } Qf5 { [%clk 0:09:12] } 13. Nh4 { [%clk 0:09:34] } Qh5 { [%clk
0:09:11] } 14. Bf3 { [%clk 0:09:32] } Qg5 { [%clk 0:09:10] } 15. Bg2 { [%clk
0:09:24] } Ne5 { [%clk 0:09:06] } 16. f4 { [%clk 0:09:24] } Qg4 { [%clk
0:09:00] } 17. fxe5 { [%clk 0:09:20] } Re8 { [%clk 0:08:57] } 18. Qxd5 { [%clk
0:09:15] } Be6 { [%clk 0:08:52] } 19. Qxb7 { [%clk 0:09:07] } Rab8 { [%clk
0:08:46] } 20. Qxc7 { [%clk 0:09:00] } Rxb2 { [%clk 0:08:42] } 21. Bf3 { [%clk
0:08:55] } Qf4 { [%clk 0:08:40] } 22. gxf4 { [%clk 0:08:45] } Bxa2 { [%clk
0:08:21] } 23. Qxa7 { [%clk 0:08:33] } Bc4 { [%clk 0:08:17] } 24. Rfe1 { [%clk
0:08:23] } Rc2 { [%clk 0:08:12] } 25. Be4 { [%clk 0:08:22] } Rxc3 { [%clk
0:08:09] } 26. Qa8 { [%clk 0:08:21] } Rxa8 { [%clk 0:08:02] } 27. Rxa8# { [%clk
0:08:21] } 1-0

[Event "Королевский Гамбит. Южный Федеральный округ."]
[Date "2025-11-21"]
[Round "7.1"]
[Board "1"]
[White "Зиновьев Владислав"]
[WhiteElo "1022"]
[Black "Игнатьев Матвей"]
[BlackElo "984"]
[WebSite "https://www.chessopen.ru"]
[GameId "6c3fd15e-27c9-4d05-9e51-42c27bb9bc25"]
[Result "1-0"]

1. e4 { [%clk 0:10:01] } e5 { [%clk 0:09:56] } 2. Nf3 { [%clk 0:10:03] } Nc6 {
[%clk 0:09:55] } 3. Bb5 { [%clk 0:10:04] } a6 { [%clk 0:09:54] } 4. Ba4 { [%clk
0:10:05] } b5 { [%clk 0:09:49] } 5. Bb3 { [%clk 0:10:06] } Nf6 { [%clk 0:09:25]
} 6. O-O { [%clk 0:10:06] } Bc5 { [%clk 0:09:16] } 7. Nxe5 { [%clk 0:10:01] }
O-O { [%clk 0:09:16] } 8. Nxc6 { [%clk 0:09:58] } dxc6 { [%clk 0:09:14] } 9. e5
{ [%clk 0:09:53] } Bg4 { [%clk 0:09:00] } 10. Qe1 { [%clk 0:09:48] } Nd5 {
[%clk 0:08:51] } 11. h3 { [%clk 0:09:43] } Be6 { [%clk 0:08:46] } 12. c3 {
[%clk 0:09:42] } Nf4 { [%clk 0:08:08] } 13. d4 { [%clk 0:09:34] } Bxb3 { [%clk
0:08:11] } 14. axb3 { [%clk 0:09:34] } Be7 { [%clk 0:07:59] } 15. Bxf4 { [%clk
0:09:34] } Bh4 { [%clk 0:07:50] } 16. Qe3 { [%clk 0:09:30] } g5 { [%clk
0:07:19] } 17. Bg3 { [%clk 0:09:29] } Bxg3 { [%clk 0:07:13] } 18. Qxg3 { [%clk
0:09:32] } f6 { [%clk 0:07:03] } 19. exf6 { [%clk 0:09:32] } Qxf6 { [%clk
0:07:01] } 20. Nd2 { [%clk 0:09:32] } Rae8 { [%clk 0:06:57] } 21. Rae1 { [%clk
0:09:27] } Rxe1 { [%clk 0:06:51] } 22. Rxe1 { [%clk 0:09:30] } g4 { [%clk
0:06:46] } 23. Qxg4+ { [%clk 0:09:30] } Kh8 { [%clk 0:06:39] } 24. Qf3 { [%clk
0:09:26] } Qh4 { [%clk 0:06:35] } 25. Qxf8# { [%clk 0:09:18] } 1-0

[Event "Королевский Гамбит. Южный Федеральный округ."]
[Date "2025-11-21"]
[Round "7.1"]
[Board "1"]
[White "Кобызев Ярослав"]
[WhiteElo "964"]
[Black "Твердов Ратмир"]
[BlackElo "1057"]
[WebSite "https://www.chessopen.ru"]
[GameId "644573ec-1d05-4e74-8725-40795c43e8d3"]
[Result "0-1"]

1. e4 { [%clk 0:10:00] } e5 { [%clk 0:10:01] } 2. Nf3 { [%clk 0:09:55] } Nc6 {
[%clk 0:10:03] } 3. Bc4 { [%clk 0:09:48] } Bc5 { [%clk 0:09:56] } 4. O-O {
[%clk 0:09:46] } Nf6 { [%clk 0:09:49] } 5. Nc3 { [%clk 0:09:34] } O-O { [%clk
0:09:45] } 6. h3 { [%clk 0:09:32] } d6 { [%clk 0:09:42] } 7. a3 { [%clk
0:09:21] } a5 { [%clk 0:09:39] } 8. b4 { [%clk 0:09:19] } axb4 { [%clk 0:09:31]
} 9. axb4 { [%clk 0:09:14] } Rxa1 { [%clk 0:09:31] } 10. Nb1 { [%clk 0:09:10] }
Rxb1 { [%clk 0:09:31] } 11. Bb5 { [%clk 0:09:05] } Bxb4 { [%clk 0:09:26] } 12.
Bxc6 { [%clk 0:09:03] } bxc6 { [%clk 0:09:28] } 13. c3 { [%clk 0:08:55] } Ba3 {
[%clk 0:09:30] } 14. Bxa3 { [%clk 0:08:52] } Rxd1 { [%clk 0:09:30] } 15. Rxd1 {
[%clk 0:08:52] } Ba6 { [%clk 0:09:32] } 16. Bb4 { [%clk 0:08:45] } Nxe4 { [%clk
0:09:31] } 17. Ng5 { [%clk 0:08:40] } Qxg5 { [%clk 0:09:27] } 18. g3 { [%clk
0:08:40] } Nxg3 { [%clk 0:09:26] } 19. h4 { [%clk 0:08:43] } Ne2+ { [%clk
0:09:27] } 20. Kf1 { [%clk 0:08:27] } Qg1# { [%clk 0:09:26] } 0-1